Регионална библиотека "Любен Каравелов" - Русе

Кратка история на Косово (Запис номер 32933)

MARC детайли
000 -Лидер
Контролно поле с фиксирана дължина 01435nam a2200373 c 4500
003 - Код на организацията, давaща контролен номер
Контролно поле BLK
005 - Дата и час на последна редакция
Контролно поле 20191228151922.0
008 - Елементи от данни с фиксирана дължина
fixed length control field 180408b bul|||||r ||||||| ||bul||
010 ## - Наследен системен номер
LC control number KNG00035612000
020 ## - Международен стандартен номер на книга ISBN
Международен стандартен номер на книга ISBN 954-607-407-1
-- издат.: ЛИК
040 ## - Източник на каталожния запис
Идентификатор на билиотеката - собственик на записа BLK
041 ## - Код за език
Код за езика на текст/звукозапис или на отделно заглавие Български
Код за езика КДБФ Български
080 ## - УДК
Текстов определител УДК История на Сърбия
УДК код - определител по УДК 949.711
УДК определител
УДК - код + определител 949.711
100 1# - Редна дума - Автор
Автор Малкълм, Ноел
Авторска отговорност първи автор
R(LIN) 272634
139 ## - Редно поле
Редна дума Малкълм, Ноел
Авторски знак Малк - М 23
245 10 - Сведения за заглавието
Заглавие Кратка история на Косово
Редно поле (дума) Ноел Малкълм; прев. от англ. Борислав Гаврилов Гаврилов.
260 ## - Област на издателските данни
-- София
Име на издателя, разпространителя и проч. ЛИК
Година на издаване 2001
300 ## - Физическа характеристика
Страници 567 с.
Илюстрации и др. с к.
Размери/Мащаб 20 см
380 ## - Жанр
Жанр История
500 ## - Общи забележки
Забележка Прев. по Kosovo a Short History / Noel Malcolm. - Офс. изд. - Съдържа и Списък на ръкописите. - Библиогр. с. 516-570 ; Азб. показалец.
650 #4 - Допълнително описание по предмет – тема
Основно описание – тема или топоним Косово
9 (RLIN) 268245
650 #4 - Допълнително описание по предмет – тема
Основно описание – тема или топоним Сърбия - история
9 (RLIN) 272635
651 #4 - Допълнително описание по предмет - топоним
Географско понятие Косово
9 (RLIN) 268245
651 #4 - Допълнително описание по предмет - топоним
Географско понятие Сърбия
9 (RLIN) 179630
653 ## - Ключова дума – ненормативна
Ключова дума история
653 ## - Ключова дума – ненормативна
Ключова дума Косово
653 ## - Ключова дума – ненормативна
Ключова дума Сърбия
700 1# - Други автори (авторска отговорност)
Лично име Гаврилов, Борислав Гаврилов
Автороска отговорност (Описва отношението между автора и произведението) прев. от англ.
9 (RLIN) 363708
852 ## - Местоположение
Форматна сигнатура Цб 207943
856 4# - Електронен адрес и достъп
Електронен формат pdf - файл
Път до файла /url/
856 4# - Електронен адрес и достъп
Електронен формат pdf - файл
Път до файла /url/
942 ## - АРТИКУЛИ
Вид на библиотечния материал Книги
Скрит в OPAC Не
Koha issues (borrowed), all copies 2
944 ## - СЪЗДАВАНЕ И РЕДАКЦИЯ на ЗАПИСА
Създаване/Редакция Създаване
Дата на регистрацията/редакция 15.01.2003
Статус, дата на статуса ф /
Служител, извършил регистрацията/редакцията Людмила_Стоянова
944 ## - СЪЗДАВАНЕ И РЕДАКЦИЯ на ЗАПИСА
Създаване/Редакция Редакция
Дата на регистрацията/редакция 09.04.2013
Статус, дата на статуса ф /
Служител, извършил регистрацията/редакцията
999 ## - СИСТЕМНИ КОНТРОЛНИ НОМЕРА
Koha biblionumber 32933
Koha biblioitemnumber 32933
Наличности
Код за отписване Код за изгубен артикул Източник на класификационната схема Код за повреда Коз за рестрикции Код за отдаване Артикулен № Име на библиотеката - собственик Име на библиотеката, в която се намира в момента Статус (Текущо местоположение) Дата на вписване в системата Местоположение - отдел Цена в лева Инвентарен номер Систематично азбучна сигнатура Баркод Номер на екземпляра Цена в евро Служебна бележка Служебен тип на артикула
  Не е изгубен Universal Decimal Classification Не е повреден без рестрикции ползва се в читалня 52541 Регионална библиотека "Любен Каравелов" Русе Регионална библиотека "Любен Каравелов" Русе Читалня 2001-01-01 Читалня 11.90 662683 Ч 93/94/М 23 Н 120000662683 1 6.08 Дост: Pk Вид: Ф N: стар фонд Дата: 01.01.2001 Дата инв: 28.03.2017 Бележки инв: Ч2017 Книги
  Не е изгубен Universal Decimal Classification Не е повреден без рестрикции заемане за дома 52542 Регионална библиотека "Любен Каравелов" Русе Регионална библиотека "Любен Каравелов" Русе Заемна - подръчен фонд 2013-03-01 Заемна - подръчен фонд 11.90 120000764527 94(497)/М 23 120000764527 2 6.08 Дост: DA Вид: А N: 3 Дата: 01.03.2013 Дата инв: 07.02.2018 Бележки инв: П2018 Книги
Vip Innovations Ltd, Rousse, Bulgaria 2025